بیان شبلی / (Record no. 197053)

MARC details
000 -LEADER
fixed length control field 00608nam a22001937a 4500
005 - DATE AND TIME OF LATEST TRANSACTION
control field 20230814101515.0
010 ## - LCCN (DPL NO)
LC control number UR-12116
020 ## - INTERNATIONAL STANDARD BOOK NUMBER
International Standard Book Number 9788196045012
Terms of availability 350.00
035 ## - SYSTEM CONTROL NUMBER
System control number U-10671
037 ## - SOURCE OF ACQUISITION
Source of stock number/acquisition DBAD/PUB
082 ## - DEWEY DECIMAL CLASSIFICATION NUMBER
Classification number 921
100 ## - MAIN ENTRY--PERSONAL NAME
Personal name الیاس الاعظمی
245 ## - TITLE STATEMENT
Title بیان شبلی /
Statement of responsibility, etc الیاس الاعظمی
246 ## - VARYING FORM OF TITLE
Title proper/short title Bayan-E-Shibli /
Remainder of title by Ilyas Azmi
260 ## - PUBLICATION, DISTRIBUTION, ETC. (IMPRINT)
Place of publication, distribution, etc New Delhi
Name of publisher, distributor, etc Educational Publishing House
Date of publication, distribution, etc 2023 ء
270 ## - ADDRESS
Address H.O. D1/16, Ansari Road, Darya Ganj
City New Delhi
Postal code 110002
300 ## - PHYSICAL DESCRIPTION
Extent 224 ص
Dimensions 23cm(Hb)
942 ## - ADDED ENTRY ELEMENTS (KOHA)
Source of classification or shelving scheme Dewey Decimal Classification
Item type Urdu Bks
Call number suffix ا ل ی
Edition
Classification part 921
Holdings
Withdrawn status Lost status Not for loan Collection code Home library Current library Date acquired Source of acquisition Cost, normal purchase price Full call number Barcode Copy number Cost, replacement price Koha item type
      Non-fiction Kadipur Kadipur 14/08/2023 DBAD/PUB 350.00 921 ا ل ی U-10671 1 350.00 Urdu Bks

© Delhi Public Library
Hit Counter
free hit counter